| 000 | 005920000a22002290004500 | ||
|---|---|---|---|
| 003 | LK-CoMWRAF | ||
| 005 | 20231213095902.0 | ||
| 008 | 230817t1994 ||||| |||| 00| 0 eng d | ||
| 020 | _a1853820601 | ||
| 040 |
_aLK-CoMWRAF _dLK-CoMWRAF _eLK-CoMWRAF |
||
| 041 | _aeng | ||
| 082 |
_a818.54 _bANG |
||
| 100 | _aAngelou, Maya | ||
| 245 | _aWouldn't take nothing for my journey now | ||
| 260 |
_aLondon: _bVirago, _c1994 |
||
| 300 | _a139 p. ; 21 cm. | ||
| 650 | _aMEDITATIONS | ||
| 650 | _aAnecdotes, | ||
| 650 | _aEssayists, American | ||
| 650 | _a Inspirational, Poetry | ||
| 942 | _cBK | ||
| 999 |
_c1128 _d1128 |
||